000 00663nam a2200253Ia 4500
003 OSt
005 20220918164739.0
006 a|||||r|||| 00| 0
007 ta
008 220917b |||||||| |||| 00| 0 eng d
020 _a0745611796 (pbk)
024 _a230,975
037 _cTextual
040 _aARTS
_cARTS
_beng
041 _2eng
_aeng
082 _aR3xN03:g, N8
100 _aJarvis Simon
_920456
245 0 _aAdorno
_b a critical introduction
260 _aCambridge
_bPolity Press UK
_c1998
300 _ax,283p.
_ccm.
650 _aPHILOSOPHY
942 _hR3xN03:g, N8
_cTEXL
_2CC
999 _c126327
_d126327